Le Coran : lecture par excellence /
Other Authors: ,
Format: Book
Language:
French
Arabic
Published:
Oran :
Éditions Heintz frères,
[1932?].
Subjects:
Tags: Add Tag
Call Number: BP112 1932
| LEADER | 00764namaa2200277 4500 | ||
|---|---|---|---|
| 001 | 11913 | ||
| 003 | OSt | ||
| 005 | 20250924082329.0 | ||
| 008 | 130303q1932 ae 000 0 fre d | ||
| 010 | |a 78109956 | ||
| 040 | |c ARCE Library | ||
| 041 | 1 | |a fre |h ara | |
| 050 | 4 | |a BP112 1932 | |
| 130 | 0 | |a Koran. |l French | |
| 245 | 1 | 3 | |a Le Coran : |b lecture par excellence / |c traduit par Ahmed Laïmèche, B. Ben Daoud. |
| 264 | 1 | |a Oran : |b Éditions Heintz frères, |c [1932?]. | |
| 300 | |a 348 pages ; |c 25 cm. | ||
| 546 | |a Translated from the Arabic. | ||
| 630 | 0 | 0 | |a Qurʼan and philosophy. |
| 630 | 0 | 0 | |a Qurʼan. |
| 650 | 0 | |a Islam. | |
| 700 | 1 | |a Ben Daoud, Mohammed. | |
| 700 | 1 | |a Laïmèche, Ahmed. |9 34357 | |
| 901 | |a reviewed | ||
| 942 | |c BK |2 lcc | ||
| 999 | |c 12194 |d 12194 | ||
